Подробности
| 000 -МАРКЕР |
| контрольное поле |
01375nam0a2200289 4500 |
| 001 - ИДЕНТИФИКАТОР ЗАПИСИ |
| контрольное поле |
RU\NLR\bibl\743004 |
| 005 - ИДЕНТИФИКАТОР ВЕРСИИ |
| контрольное поле |
20260407073156.0 |
| 021 ## - НОМЕР ГОСУДАРСТВЕННОЙ РЕГИСТРАЦИИ |
| Код страны |
Российская Федерация |
| Номер |
2004-65463 |
| Номер Листа государственной регистраци |
3226 |
| 035 ## - ДРУГИЕ СИСТЕМНЫЕ НОМЕРА |
| Идентификатор записи |
(NLR Aleph) 000732864 |
| 100 ## - ДАННЫЕ ОБЩЕЙ ОБРАБОТКИ |
| Данные общей обработки |
20050401d2004 |||y0rusy50 ca |
| 101 0# - ЯЗЫК РЕСУРСА |
| Язык текста, звукозаписи и т.д. |
русский |
| 102 ## - СТРАНА ПУБЛИКАЦИИ ИЛИ ПРОИЗВОДСТВА |
| Страна публикации |
Российская Федерация |
| 105 ## - ПОЛЕ КОДИРОВАННЫХ ДАННЫХ: ТЕКСТОВЫЕ МАТЕРИАЛЫ, МОНОГРАФИЧЕСКИЕ |
| Кодированные данные о монографическом текстовом документе |
a ||||||||| |
| 200 1# - ЗАГЛАВИЕ И СВЕДЕНИЯ ОБ ОТВЕТСТВЕННОСТИ |
| Основное заглавие |
Решения для защиты электропитания серверов и локальных сетей ИБП Smart-UPT |
| Сведения, относящиеся к заглавию |
Качественная защита электропитания серверов и сетевого обслуживания |
| Первые сведения об ответственности |
APC Legendary Rreliability |
| 210 ## - ПУБЛИКАЦИЯ, РАСПРОСТРАНЕНИЕ И ДР. |
| Место издания, распространения и т.д. |
[Б.м. |
| Имя издателя, распространителя и т. д. |
б.и. |
| Дата издания, распространения и т.д. |
2004] |
| 215 ## - ФИЗИЧЕСКАЯ ХАРАКТЕРИСТИКА |
| Специфическое обозначение материала и объем |
19, [1] с. |
| Другие сведения о физической характеристике |
цв. ил. |
| Размеры |
28 |
| 606 0# - НАИМЕНОВАНИЕ ТЕМЫ КАК ПРЕДМЕТ |
| Наименование темы |
SMART-UPS, источники бесперебойного питания |
| Системный номер авторитетной/нормативной записи |
2326386 |
| Идентификатор авторитетной/нормативной записи |
RU\NLR\auth\661391463 |
| 606 0# - НАИМЕНОВАНИЕ ТЕМЫ КАК ПРЕДМЕТ |
| Наименование темы |
Локальные вычислительные сети |
| Тематический подзаголовок |
Электропитание |
| -- |
Защита |
| Системный номер авторитетной/нормативной записи |
2326388 |
| Идентификатор авторитетной/нормативной записи |
RU\NLR\auth\661391464 |
| 686 ## - ИНДЕКСЫ ДРУГИХ КЛАССИФИКАЦИЙ |
| Индекс |
З988.02-421 |
| 712 02 - НАИМЕНОВАНИЕ ОРГАНИЗАЦИИ - ВТОРИЧНАЯ ОТВЕТСТВЕННОСТЬ |
| Материалы, к которым относится поле |
rus |
| -- |
eng |
| Начальный элемент ввода |
American Power Conversion, компания |
| Идентифицирующий признак |
США |
| Графика поля |
Латинская |
| -- |
Кириллица |
| Идентификатор авторитетной/нормативной записи |
RU\NLR\AUTH\8810036960 |
| Системный номер авторитетной/нормативной записи |
572623 |
| 801 #0 - ИСТОЧНИК ЗАПИСИ |
| Страна |
Российская Федерация |
| Организация |
NLR |
| Дата составления |
20040202 |
| Правила каталогизации |
PSBO |
| 801 #1 - ИСТОЧНИК ЗАПИСИ |
| Страна |
Российская Федерация |
| Организация |
NLR |
| Дата составления |
20040202 |
| 942 ## - ДОПОЛНИТЕЛЬНЫЕ ЭЛЕМЕНТЫ ЗАПИСИ (АБИС) |
| Тип экземпляра АБИС |
Книга |
| 980 ## - КОЛЛЕКЦИЯ |
| Название коллекции |
Национальная библиография |